000 00617nam a2200205 4500
001 164881
003 ES-MaBCM
005 20241016190816.0
008 081204s1967 espa spa d
017 _aM.21113-1967
021 _axx
035 _a(OCoLC)1365126321
040 _cES-MaBCM
100 1 _aLópez Méndez, Harold
_986181
245 1 0 _aEspaña desconocida
_b: la Alpujarra, rincón misterioso
_c[Harold López Méndez]
260 _a[Madrid :
_bs.n.],
_cD.L. 1967
300 _a[12] p.
_bil.
_c23 cm
490 0 _aPublicaciones Españolas. Cuadernos de Arte. Serie Divulgación
_9112362
942 _cBK
999 _c164881
_d164881